Wordpress all-in-one for dummies / (Record no. 36793)

MARC details
000 -LEADER
fixed length control field 00463nam a22001697a 4500
005 - DATE AND TIME OF LATEST TRANSACTION
control field 20241202125102.0
008 - FIXED-LENGTH DATA ELEMENTS--GENERAL INFORMATION
fixed length control field 241202b |||||||| |||| 00| 0 eng d
020 ## - INTERNATIONAL STANDARD BOOK NUMBER
ISBN 9781119553151
082 ## - DEWEY DECIMAL CLASSIFICATION NUMBER
Classification number 006.752
Item number WIL-W
100 ## - MAIN ENTRY--AUTHOR
Author Name Wilson Lisa Sabin
245 ## - TITLE STATEMENT
Title Wordpress all-in-one for dummies /
Statement of responsibility, etc. Lisa Sabin -Wilson
250 ## - EDITION STATEMENT
Edition statement 4th ed.
260 ## - PUBLICATION, DISTRIBUTION, ETC.
Place of Publication USA:
Name of publisher, distributor, etc. Elsevier;
Date of publication, distribution, etc. 2019.
300 ## - PHYSICAL DESCRIPTION
Pages xiv, 829 p. :
500 ## - GENERAL NOTE
General note include index.
300 ## - PHYSICAL DESCRIPTION
-- ill;
-- 24 cm.
952 ## - LOCATION AND ITEM INFORMATION (KOHA)
-- 0
-- 0
Holdings
Lost status Damaged status Collection code Permanent Location Current Location Shelving Location Date acquired Full Call Number Accession No./Barcode Date last seen item type Koha item type
    CS/IT Superior Information Resource Center (SIRC) Superior University- Gold Campus Superior Information Resource Center (SIRC) Superior University- Gold Campus Digital marketings 12/02/2024 006.752 -WIL-W 2019 17679 12/02/2024 BOOK BOOK

Powered by Koha